| 000 | 00548 a2200169 4500 | ||
|---|---|---|---|
| 020 | _a0074704982 | ||
| 020 | _a9780074704981 | ||
| 090 |
_c1367 _d1367 |
||
| 100 | 1 | _aMoosa. | |
| 245 | 1 | 0 |
_aInternational finance / _cMoosa. |
| 260 |
_a[S.l.] : _bMcGraw-Hill Australia, _c1998. |
||
| 300 | _a630 p. | ||
| 500 | _aPaperback. | ||
| 856 | 4 | 0 |
_3Amazon.com _uhttp://www.amazon.com/exec/obidos/ASIN/0074704982/chopaconline-20 |
| 856 | 4 | 0 |
_3Amazon customer reviews _uhttp://www.chopac.org/cgi-bin/tools/azrev.pl?q=0074704982 |
| 942 |
_aNBS _cBK _k372.634 MOO |
||
| 999 |
_c343889 _d343889 |
||